Growth in labour rates slows down across UK (Record no. 77808)
[ view plain ]
| 000 -LEADER | |
|---|---|
| fixed length control field | 00903cab a2200193 4500 |
| 001 - CONTROL NUMBER | |
| control field | ##L135162 |
| 008 - FIXED-LENGTH DATA ELEMENTS--GENERAL INFORMATION | |
| fixed length control field | 061002n2006 000 0 eng u |
| 035 ## - SYSTEM CONTROL NUMBER | |
| System control number | (Sirsi) u135162 |
| 041 0# - LANGUAGE CODE | |
| Language code of text/sound track or separate title | eng |
| 245 00 - TITLE STATEMENT | |
| Title | Growth in labour rates slows down across UK |
| 260 ## - PUBLICATION, DISTRIBUTION, ETC. | |
| Date of publication, distribution, etc. | 2006 |
| 490 #0 - SERIES STATEMENT | |
| Series statement | Construction News |
| Volume/sequential designation | (6986) 28 September 2006, 16(1) |
| 520 ## - SUMMARY, ETC. | |
| Summary, etc. | Figures from the EC Harris/"Construction News" Contractors Input Cost Index show that input costs in the year to September 2006 rose by 4.2%, and by 1.2% over the last quarter. Labour rates increased by 2.6% over the year with materials prices 6% higher than in September 2005. Graph and table provide mean prices for labour and materials across UK regions. |
| 590 ## - LOCAL NOTE (RLIN) | |
| Local note | IKA171006 |
| 650 24 - SUBJECT ADDED ENTRY--TOPICAL TERM | |
| Topical term or geographic name entry element | EC HARRIS CONSTRUCTION NEWS CONTRACTORS INPUT COST INDEX |
| 651 #4 - SUBJECT ADDED ENTRY--GEOGRAPHIC NAME | |
| Geographic name | United Kingdom |
| Chronological subdivision | |
| 690 ## - LOCAL SUBJECT ADDED ENTRY--TOPICAL TERM (OCLC, RLIN) | |
| Topical term or geographic name as entry element | BUILT ENVIRONMENT-BUILDING COSTS |
| 942 ## - ADDED ENTRY ELEMENTS (KOHA) | |
| Suppress in OPAC | 0 |
| Withdrawn status | Lost status | Source of classification or shelving scheme | Damaged status | Not for loan | Home library | Current library | Shelving location | Date acquired | Total Checkouts | Full call number | Barcode | Date last seen | Copy number | Price effective from | Koha item type |
|---|---|---|---|---|---|---|---|---|---|---|---|---|---|---|---|
| Dewey Decimal Classification | London | London | Journal article | 02/10/2006 | L135162 | 135162-1001 | 06/08/2019 | 1 | 06/08/2019 | Journal article |